|
|
|
|
| LEADER |
00000nas a2200000 i 4500 |
| 001 |
ssj0001077874 |
| 003 |
WaSeSS |
| 005 |
20200512172242.0 |
| 006 |
m d |
| 007 |
cr n |
| 008 |
140107c20uu9999rm s| p|s|||||| |0rum d |
| 022 |
|
|
|a 2286-0592
|l 2068-8083
|
| 035 |
|
|
|a (WaSeSS)ssj0001077874
|
| 040 |
|
|
|a WaSeSS
|b eng
|c WaSeSS
|d WaSeSS
|
| 043 |
|
|
|a e-rm---
|
| 050 |
1 |
4 |
|a KJE4445
|
| 210 |
1 |
|
|a Rev. rom. drept eur.
|b (Online)
|
| 222 |
|
0 |
|a Revista română de drept european
|b (Online)
|
| 245 |
0 |
0 |
|a Revista Romana de drept European
|h [electronic resource].
|
| 260 |
|
|
|a Bucharest, Romania :
|b Wolters Kluwer Romania SRL
|
| 310 |
|
|
|a Semimonthly
|
| 506 |
|
|
|a License restrictions may limit access.
|
| 588 |
|
|
|a Latest issue consulted: 4 (2013) (viewed Jan. 7, 2014).
|
| 588 |
|
|
|a Description based on: 1 (2013); title from article pdf (ProQuest, viewed Jan. 7, 2014).
|
| 650 |
|
0 |
|a Constitutional law
|z European Union countires
|v Periodicals.
|
| 650 |
|
0 |
|a Law
|z Romania
|v Periodicals.
|
| 655 |
|
0 |
|a Electronic journals.
|
| 776 |
0 |
8 |
|i Print version:
|t Revista Romana de drept European
|x 2068-8083
|
| 856 |
4 |
0 |
|z Full text available from Research Library: 01/01/2013 to present
|u https://search.proquest.com/publication/2026878
|